[Event "IRI-ch U14 Girls"]
[Site "Chess.com INT"]
[Date "2021.01.16"]
[Round "5"]
[White "Sadeghi, Nazanin"]
[Black "Mazdarani, Romina"]
[Result "0-1"]
[WhiteElo "1073"]
[BlackElo "1327"]
[PlyCount "126"]
[EventDate "2021.01.16"]
[EventType "swiss"]
[EventRounds "9"]
[EventCountry "IRI"]
[SourceTitle "EXT 2022"]
[Source "ChessBase"]
[SourceDate "2021.10.06"]
[SourceVersion "1"]
[SourceVersionDate "2021.10.06"]
[SourceQuality "1"]

1. e4 c6 2. d4 d5 3. exd5 cxd5 4. Bd3 Nc6 5. c3 Nf6 6. Nf3 Bg4 7. h3 Bxf3 8. Qxf3 e6 9. Bg5 Be7 10. Nd2 h6 11. Bh4 Qc7 12. Bg3 Bd6 13. Nb3 Bxg3 14. fxg3 Ne4 15. Bxe4 dxe4 16. Qf2 Ne7 17. 0-0 0-0 18. Nc5 Qc6 19. Rae1 f5 20. Qf4 Ng6 21. Qe3 b6 22. Nb3 Rad8 23. g4 Ne7 24. gxf5 exf5 25. Qg3 Rd6 26. Nd2 Rg6 27. Qh4 Nd5 28. c4 Nb4 29. Re3 Nc2 30. Rg3 Nxd4 31. Rxg6 Qxg6 32. Kh2 Qd6+ 33. Qg3 f4 34. Qg4 f3+ 35. Qg3 Qxg3+ 36. Kxg3 Nf5+ 37. Kf4 Nd6+ 38. Ke3 fxg2 39. Rg1 Nf5+ 40. Kxe4 Nh4 41. b3 Re8+ 42. Kf4 g5+ 43. Kg4 Re2 44. Nf3 Re4+ 45. Kg3 Re3 46. Rxg2 Rxf3+ 47. Kh2 Nxg2 48. Kxg2 Rc3 49. Kf2 Rc2+ 50. Kg3 Rxa2 51. h4 gxh4+ 52. Kxh4 Ra3 53. Kh5 Rxb3 54. Kxh6 Rg3 55. Kh5 Kg7 56. Kh4 Rg1 57. Kh3 Kf6 58. Kh2 Rg8 59. Kh3 Kf5 60. Kh2 Kf4 61. Kh1 Kf3 62. Kh2 Rg7 63. Kh3 Rh7# 0-1